Religion Quiz

Random Religion or Judaism Quiz

The Ten Commandments Quiz Stats

 Plays Quiz Updated Dec 12, 2018

Support Sporcle.
Go Orange.
Score 0/10 Timer 05:00
3 Plays Today
Number Commandment % Correct
SixYou shall not murder
88.6%
EightYou shall not steal
84.4%
TenYou shall not covet your neighbor's wife
68.9%
SevenYou shall not commit adultery
63.6%
FiveHonor your Father and Mother
63.6%
NineYou shall not bear false witness against your neighbor
57.1%
OneYou shall have no other gods before me
48.7%
FourRemember the Sabbath and keep it holy
40.7%
TwoYou shall not make for yourself an idol
35.6%
ThreeYou shall not take the name of the Lord in vain
26.8%

From the Vault

SHAZAM

by Derek

SHAZAM - not just an acronym, but a super acronym.
Remove Ads.
Support Sporcle.
Get the best of Sporcle when you Go Orange. This ad-free experience offers more features, more stats, and more fun while also helping to support Sporcle. Thank you for becoming a member.

Show Comments

Extras

Top Quizzes Today


Score Distribution

Your Account Isn't Verified!

In order to create a playlist on Sporcle, you need to verify the email address you used during registration. Go to your Sporcle Settings to finish the process.

Report this User

Report this user for behavior that violates our Community Guidelines.

Details: